Bytový dom

Na minha lista:
Detalhes bibliográficos
Autor principal: Bodiak, Kyrylo (Author)
Outros Autores: Jamnický, Martin (Thesis advisor)
Formato: Manuscrito Livro
Idioma:eslovaco
Publicado em: 2024
Assuntos:
Acesso em linha:http://is.stuba.sk/zp/portal_zp.pl?podrobnosti=172469
Tags: Adicionar Tag
Sem tags, seja o primeiro a adicionar uma tag!

MARC

LEADER 00000ntm a22000003a 4500
001 stuzp100428
003 SK-STU
005 20240629212946.4
007 ta
008 150427s2015----xo-----f-mn---000-0-slo-d
040 |a STU  |b slo 
041 0 |a slo 
100 1 |a Bodiak, Kyrylo  |u 010180  |4 aut  |U SvF Stavebná fakulta  |T SvF Katedra konštrukcií pozemných stavieb  |X 117630  |U V180  |Y 18  |7 117630 
242 0 1 |a Residential house  |y eng 
245 1 0 |a Bytový dom 
260 |c 2024 
650 4 |a Bytový dom  |2 slo 
650 4 |a Projekt na realizáciu stavby  |2 slo 
650 4 |a Architektúra  |2 slo 
650 4 |a Architecture  |2 eng 
650 4 |a Building  |2 eng 
650 4 |a Residential house  |2 eng 
700 1 |a Jamnický, Martin  |u 010180  |k Z1  |4 ths  |U SvF Stavebná fakulta  |T SvF Katedra konštrukcií pozemných stavieb  |X 4052  |U V180  |Y 18  |7 A000004052 
856 4 |u http://is.stuba.sk/zp/portal_zp.pl?podrobnosti=172469